| 000 | 01171cam a22002891 4500 | ||
|---|---|---|---|
| 001 | gs 41000068 | ||
| 003 | DLC | ||
| 005 | 20260227111346.0 | ||
| 008 | 761111s1940 oncabf b 000 0 eng c | ||
| 010 | _ags 41000068 | ||
| 035 | _a(OCoLC)2553480 | ||
| 040 |
_aU.S.Geol.survey. Library _cOGraD _dNSbSU _dDLC |
||
| 050 | 0 | 0 |
_aQE185 _b.A2 no. 221 |
| 051 |
_aQE186 _b.R77 |
||
| 082 | _a557.1 | ||
| 100 | 1 |
_aRussell, Loris S. _q(Loris Shano), _d1904-1998. |
|
| 245 | 1 | 0 |
_aGeology of the southern Alberta plains, _cby L. S. Russell and R. W. Landes. |
| 260 |
_aOttawa, _bJ. O. Patenaude, I.S.O., printer to the King, _c1940. |
||
| 300 |
_aiv, 223 p. _billus., VIII pl., maps (3 fold. in pocket) tables (1 fold.) _c25 cm. |
||
| 490 | 1 | _aCanada. Geological Survey. Memoir 221 | |
| 500 | _aAt head of title: Canada Department of mines and resources. Mines and geology branch. Bureau of geology and topography. Geological survey. | ||
| 500 | _aIn lower right corner of t.-p.: No. 2453. | ||
| 504 | _aIncludes references. | ||
| 650 | 0 |
_aGeology _zAlberta. |
|
| 700 | 1 |
_aLandes, Robert William, _d1910- _ejoint author. |
|
| 830 | 0 |
_aMemoir (Geological Survey of Canada) ; _v221 |
|
| 999 |
_c27716 _d27716 |
||